Paleopatología osea de los primitivos pobladores de Canarias / (Record no. 35336)

MARC details
000 -LEADER
campo de control de longitud fija 00657nam a2200193 i 4500
001 - NÚMERO DE CONTROL
campo de control 35336
003 - IDENTIFICADOR DE NÚMERO DE CONTROL
campo de control ES-MaACL
005 - FECHA Y HORA DE LA ÚLTIMA TRANSACCIÓN
campo de control 20230911063133.0
007 - CAMPO FIJO DE DESCRIPCIÓN FÍSICA--INFORMACIÓN GENERAL
campo de control de longitud fija t|
008 - DATOS DE LONGITUD FIJA--INFORMACIÓN GENERAL
campo de control de longitud fija 030212s1975 sp ||||1| spa d
100 1# - ENTRADA PRINCIPAL--NOMBRE DE PERSONA
Nombre de persona Bosch Millares, Juan,
Fechas asociadas al nombre 1893-1983
9 (RLIN) 30662
245 10 - MENCIÓN DEL TÍTULO
Título Paleopatología osea de los primitivos pobladores de Canarias /
Mención de responsabilidad, etc. Juan Bosch Millares.
260 ## - PUBLICACIÓN, DISTRIBUCIÓN, ETC.
Lugar de publicación, distribución, etc. Las Palmas de Gran Canaria :
Nombre del editor, distribuidor, etc. [Cabildo Insular],
Fecha de publicación, distribución, etc. 1975.
300 ## - DESCRIPCIÓN FÍSICA
Extensión 159 p., 2 lám. :
Otras características físicas il. ;
Dimensiones 23 cm.
710 1# - ENTRADA AGREGADA--NOMBRE DE ENTIDAD CORPORATIVA
Nombre de entidad corporativa o nombre de jurisdicción como elemento de entrada Gran Canaria.
Unidad subordinada Cabildo Insular.
9 (RLIN) 2264
852 ## - LOCALIZACIÓN
Ubicación ES-MaACL
Número de control de estantería E-8147
Sublocalización o colección R.92458
852 ## - LOCALIZACIÓN
Ubicación ES-MaACL
Número de control de estantería E-9456
Sublocalización o colección R.94072
Holdings
Estatus retirado Estado de pérdida Estado de daño No para préstamo Biblioteca de origen Biblioteca actual Ubicación en estantería Fecha de adquisición Fuente de adquisición Total de préstamos Signatura topográfica completa Código de barras Visto por última vez Precio de reemplazo Tipo de ítem Koha
        Biblioteca del Ateneo de Madrid Biblioteca del Ateneo de Madrid Depósito 2 17/01/2008     E-9456 1036966 23/02/2023 23/02/2023 Libro impreso
        Biblioteca del Ateneo de Madrid Biblioteca del Ateneo de Madrid Depósito 2 17/01/2008     E-8147 1036965 23/02/2023 23/02/2023 Libro impreso